Statystyki dla Polskie nazwy niemieckojęzycznych miast

Kliknij tutaj aby rozwiązać quiz!

Ogólne statystyki

  • Ten quiz został rozwiązany 70 razy
    (40 od ostatniego zresetowania)
  • Średni wynik to 26 z 75

Statystyki odpowiedzi

Niemiecka nazwaKrajPolska nazwa% Poprawnych
BremenNiemcyBrema
97%
BernSzwajcariaBerno
92%
DresdenNiemcyDrezno
87%
WienAustriaWiedeń
82%
HannoverNiemcyHanower
79%
BaselSzwajcariaBazylea
77%
KölnNiemcyKolonia
77%
MünchenNiemcyMonachium
77%
ZürichSzwajcariaZurych
77%
Frankfurt am MainNiemcyFrankfurt nad Menem
74%
Frankfurt an der OderNiemcyFrankfurt nad Odrą
74%
LuxemburgLuksemburg ;)Luksemburg
74%
LeipzigNiemcyLipsk
72%
PotsdamNiemcyPoczdam
69%
AachenNiemcyAkwizgran
64%
LübeckNiemcyLubeka
62%
NürnbergNiemcyNorymberga
62%
StraßburgFrancja (Alzacja)Strasburg
62%
BraunschweigNiemcyBrunszwik
56%
KielNiemcyKilonia
56%
LausanneSzwajcariaLozanna
56%
LuzernSzwajcariaLucerna
56%
GörlitzNiemcyZgorzelec
56%
CottbusNiemcyChociebuż
51%
GenfSzwajcariaGenewa
51%
KonstanzNiemcyKonstancja
51%
GubenNiemcyGubin
49%
WittenbergNiemcyWittenberga
49%
Freiburg im ÜechtlandSzwajcariaFryburg
44%
Freiburg im BreisgauNiemcyFryburg Bryzgowijski
44%
KoblenzNiemcyKoblencja
44%
MainzNiemcyMoguncja
44%
SchleswigNiemcySzlezwik
41%
BregenzAustriaBregencja
38%
BautzenNiemcyBudziszyn
38%
RostockNiemcyRoztoka
38%
ZittauNiemcyŻytawa
33%
MeißenNiemcyMiśnia
28%
GöttingenNiemcyGetynga
26%
PassauNiemcyPasawa
26%
RegensburgNiemcyRatyzbona
23%
WormsNiemcyWormacja
21%
TübingenNiemcyTybinga
18%
LebusNiemcyLubusz
15%
Bad MuskauNiemcyMużaków
15%
Brandenburg an der HavelNiemcyBranibór
13%
GreifswaldNiemcyGryfia
13%
ChemnitzNiemcyKamienica Saska
13%
TrierNiemcyTrewir
13%
BambergNiemcyBamberga
10%
FreisingNiemcyFryzynga
10%
MülhausenFrancja (Alzacja)Miluza
10%
MagdeburgNiemcyDziewin
8%
GeraNiemcyGóra
8%
GrazAustriaGrodziec
8%
ErfurtNiemcyJarobród
8%
QuedlinburgNiemcyKwedlinburg
8%
MünsterNiemcyMonastyr
8%
StralsundNiemcyStrzałów
8%
SchaffhausenSzwajcariaSzafuza
8%
WismarNiemcyWyszomierz
8%
SchwerinNiemcyZwierzyn
8%
KlagenfurtAustriaCelowiec
5%
ZwickauNiemcyĆwików
5%
Halle an der SaaleNiemcyDobrogóra
5%
QuerfurtNiemcyKwerfurt
5%
MeppenNiemcyMeppia
5%
NassauNiemcyNassawa
5%
LinzAustriaLinec
3%
HoyerswerdaNiemcyWojerce
3%
JenaNiemcyJenawa
0%
KleveNiemcyKliwia
0%
SolothurnSzwajcariaSolura
0%
SpeyerNiemcySpira
0%
WürzburgNiemcyWircburg
0%

Rozkład punktacji

Percentyl według liczby udzielonych odpowiedzi

Procent ludzi z każdym wynikiem

Twoja historia wyników

Nie rozwiązałeś tego quizu od ostatniego zresetowania